Normal view
MARC view
Entry Nombre geográfico
001 - NÚMERO DE CONTROL
- campo de control: 255
003 - IDENTIFICADOR DEL NÚMERO DE CONTROL
- campo de control: BNPHU
005 - FECHA Y HORA DE LA ÚLTIMA TRANSACCIÓN
- campo de control: 20240925085245.0
008 - DATOS DE LONGITUD FIJA
- campo de control de longitud fija: 200615|| aca||aabn | a|a d
040 ## - FUENTE DE LA CATALOGACIÓN
- Centro catalogador/agencia de origen: Do-SdBNP
- Lengua de catalogación: spa
- Centro/agencia transcriptor: BNPHU
- Normas de descripción: rda
151 ## - ENCABEZAMIENTO--NOMBRE GEOGRÁFICO
- Nombre geográfico: República Dominicana --
- Subdivisión general: Historia --
- Subdivisión cronológica: Descubrimiento y conquista, 1492-1503
451 ## - TRAZADO DE VÉASE--NOMBRE GEOGRÁFICO
- Nombre geográfico: Dominican Republic --
- Subdivisión general: History --
- Subdivisión cronológica: Discovery and exploration, 1492-1503
670 ## - FUENTE DE DATOS ENCONTRADOS
- Cita de la fuente: Work cat.: (OSt)67: Moya, Casimiro Nemesio de, 1849-1913 254, Bosquejo histórico del descubrimiento y conquista de la isla de Santo Domingo y narración de los principales sucesos ocurridos en la parte española de ella desde la sumisión de su último cacique hasta nuestros días /, 1976.
670 ## - FUENTE DE DATOS ENCONTRADOS
- Cita de la fuente: LEMB Digital, 09 abril, 2024
